00476nam a22001697a 450000500170000001000130001702000260003003500130005603700260006908200110009510000190010624500490012526000380017427000450021230000290025750000200028620190408130545.0 aB-721059 a9788125036845c395.00 aB-721059 bAksharesh Enterprises a954.09 aChandra, Bipan aHistory of modern India /cby Bipan Chandra  aHyderabadbOrient Blackswanc2019 a3-6-752, HimayatnagarbHyderabade500029 aviii, 351p. c22cm(pbk)  aIncludes index